Bharat ke Mahan Adhyatmik Guru (Record no. 1311646)

MARC details
000 -LEADER
fixed length control field 00542nam a2200205Ia 4500
005 - DATE AND TIME OF LATEST TRANSACTION
control field 20250505145728.0
008 - FIXED-LENGTH DATA ELEMENTS--GENERAL INFORMATION
fixed length control field 008 250505s9999 xx 000 0 eng d
037 ## - SOURCE OF ACQUISITION
Stock number Textbook
040 ## - CATALOGING SOURCE
Original cataloging agency FML
Language of cataloging hin
Transcribing agency FML
041 ## - LANGUAGE CODE
Language code of text/sound track or separate title hin
Source of code hin
084 ## - COLON CLASSIFICATION NUMBER
Classification number NR44w R3;1
Assigning agency FML
100 ## - MAIN ENTRY--PERSONAL NAME
Personal name Guota , S.K.
9 (RLIN) 754290
245 #0 - TITLE STATEMENT
Title Bharat ke Mahan Adhyatmik Guru
260 ## - PUBLICATION, DISTRIBUTION, ETC.
Place of publication, distribution, etc. Delhi
Name of publisher, distributor, etc. Edukeen Pub.
Date of publication, distribution, etc. 2023
300 ## - PHYSICAL DESCRIPTION
Extent 228p
365 ## - TRADE PRICE
Price type code INR
Price amount 1750
650 ## - SUBJECT ADDED ENTRY--TOPICAL TERM
Topical term or geographic name entry element Music
942 ## - ADDED ENTRY ELEMENTS (KOHA)
Koha item type Textbook
Classification part NR44w R3;1

No items available.

Copyright @ Delhi University Library System